[Event "Brasschaat op 04th"]
[Site "Brasschaat"]
[Date "2004.08.24"]
[Round "4"]
[White "De Cock, Constant"]
[Black "Soetewey, Jos"]
[Result "1-0"]
[WhiteElo "1681"]
[BlackElo "1558"]
[PlyCount "63"]
[EventDate "2004.08.21"]
[EventType "swiss"]
[EventRounds "9"]
[EventCountry "BEL"]
[SourceTitle "EXT 2017"]
[Source "ChessBase"]
[SourceDate "2016.10.25"]
[SourceVersion "1"]
[SourceVersionDate "2016.10.25"]
[SourceQuality "1"]

1. e4 c6 2. d3 d5 3. Nd2 e6 4. Ngf3 dxe4 5. dxe4 Nf6 6. Be2 Be7 7. 0-0 0-0 8. c3 b6 9. Qc2 Ba6 10. Re1 Bxe2 11. Rxe2 Nbd7 12. e5 Nd5 13. Ne4 Qc7 14. Neg5 Bxg5 15. Nxg5 g6 16. Nf3 c5 17. Bh6 Rfe8 18. h4 Ne7 19. Bg5 Nf5 20. g4 Ne7 21. h5 Qb7 22. Re3 Nd5 23. Qe4 Rab8 24. Rd3 Ne7 25. Qxb7 Rxb7 26. Rad1 Nf8 27. Rd8 Rxd8 28. Rxd8 Rd7 29. Rxd7 Nxd7 30. Bxe7 Kg7 31. hxg6 hxg6 32. g5 1-0

[Event "Brasschaat op 01st"]
[Site "Brasschaat"]
[Date "2001.08.25"]
[Round "7"]
[White "De Cock, Constant"]
[Black "Baete, Julien"]
[Result "0-1"]
[WhiteElo "1669"]
[BlackElo "1807"]
[PlyCount "124"]
[EventDate "2001.08.19"]
[EventType "swiss"]
[EventRounds "7"]
[EventCountry "BEL"]
[SourceTitle "EXT 2017"]
[Source "ChessBase"]
[SourceDate "2016.10.25"]
[SourceVersion "1"]
[SourceVersionDate "2016.10.25"]
[SourceQuality "1"]

1. e4 g6 2. d4 Bg7 3. Nc3 c6 4. Bc4 d6 5. Nf3 Nf6 6. a3 0-0 7. 0-0 d5 8. exd5 cxd5 9. Be2 Nc6 10. h3 Be6 11. Re1 Ne4 12. Bb5 Nxc3 13. bxc3 Qc7 14. Bb2 h6 15. Bd3 Qd7 16. Re3 Bf5 17. Bxf5 Qxf5 18. Qe2 Qd7 19. a4 e6 20. a5 a6 21. Ba3 Rfc8 22. Bc5 Na7 23. Ne5 Bxe5 24. Rxe5 Nb5 25. Qe3 Kg7 26. g4 Nd6 27. Qg3 Ne4 28. Rxe4 dxe4 29. Qe5+ f6 30. Qxe4 Qc6 31. Qxc6 Rxc6 32. Rb1 Rc7 33. f4 Kf7 34. Rb6 Rd7 35. Kf2 Rc8 36. Ke3 Rc6 37. Rxc6 bxc6 38. Kd3 e5 39. fxe5 fxe5 40. Ke4 Rd5 41. Kd3 exd4 42. cxd4 h5 43. c4 Rg5 44. gxh5 Rxh5 45. Ke4 Ke6 46. Bb6 Rh4+ 47. Kf3 Rxh3+ 48. Kg4 Rh5 49. Bc5 Rxc5 50. dxc5 Ke5 51. Kg5 Kd4 52. Kxg6 Kxc4 53. Kf5 Kxc5 54. Ke4 Kb4 55. Kd4 c5+ 56. Kd3 Kxa5 57. Kc4 Kb6 58. Kb3 Kb5 59. Ka3 Kc4 60. Ka4 Kc3 61. Ka3 c4 62. Ka2 Kd2 0-1